La enseñanza individualizada /

Guardado en:
Autor Principal: Ferrandez, Adalberto
Formato: Libro
Publicado: Barcelona : Ceac, 1983
Edición:3a. ed.
Materias:
Etiquetas: Agregar Etiqueta
Sin Etiquetas, Sea el primero en etiquetar este registro!
LEADER 00675nam a22001935a 4500
001 CEM.cems002494
005 20060221000000.0
008 130507s1983##################000#0#####d
003 CEMS
082 0 4 |a 371.394 
100 1 |a Ferrandez, Adalberto 
245 1 0 |a La enseñanza individualizada / 
250 |a 3a. ed. 
260 |a Barcelona :  |b Ceac,  |c 1983 
300 |a 268 p. 
505 0 |a Bases de la instrucción individualizada.- Tecnología de la instrucción individualizada.- Individualizada y realidad escolar.- Investigación del Sfai.- 
653 |a Desarrollo individual 
653 |a Enseñanza programada 
859 |a CEMS  |b BIB. CEMS - 11 de abril  |h 371.394  |i F411a3  |p 14959.88  |t Ej.1